000 00969nam a2200229Ia 4500
999 _c46919
_d46919
001 13772
003 GE_BSU
005 20241104173048.0
008 181216s2014||||ge |||||||||||||| ||geo||
020 _a9789941224571
040 _cGE_BSU
041 _ageo
080 _a81’1(075.8) ხ-20
100 _aხალვაში, ლევან
_910149
245 _aზოგადი ენათმეცნიერება /
_cლევან ხალვაში ; რედ. მამია ფაღავა ; შოთა რუსთაველის სახ. უნ-ტი.
264 _aთბილისი :
_bუნივერსალი,
_c2014.
300 _a398 გვ. ;
_b21 სმ.
520 _aრეზიუმე რუსულ ენაზე
653 _aზოგადი ენათმეცნიერება
700 _aფაღავა, მამია
_eრედაქტორი
_910150
942 _cBK
_2udc